00000000nam 2200000zi 4500
0019.935684
003CaOODSP
00520250623103716
006m     o  d f      
007cr mn|||||||||
008240320t20242024onca    o    f000 0 eng d
020 |a9780660709147
040 |aCaOODSP|beng|erda|cCaOODSP
043 |an-cn---
045 |ay2y2
0861 |aCP22-215/2024E-PDF
24500|aHealth, attitudes, and behavioural insights tracker (HABIT) survey : |bfinal report / |csubmitted to Privy Council Office (PCO) ; prepared by Leger.
2463 |aHealth, attitudes, and behavioural insights tracker (HABIT) survey : |bmethodological report
264 1|aOttawa, ON : |bGovernment of Canada, Privy Council Office = Gouvernement du Canada, Bureau du Conseil privé, |c2024.
264 4|c©2024
300 |a1 online resource (111 pages) : |billustrations + |esummary (7 unnumbered pages)
336 |atext|btxt|2rdacontent
337 |acomputer|bc|2rdamedia
338 |aonline resource|bcr|2rdacarrier
500 |aIssued also in English under title: L'enquête sur la santé, les attitudes et les connaissances comportementales (SACC) : rapport final.
500 |aThe publication files in PDF format were replaced on 03 January 2025 at the request of the Privy Council Office.
500 |aTitle from cover.
500 |a"Contract number: 35035-23-0995."
500 |a"Registration number: POR #030-23."
500 |a"Delivery date: March 27, 2024."
650 0|aHealth attitudes|zCanada.
650 0|aMental health|zCanada|xPublic opinion.
650 0|aMedical care|zCanada|xPublic opinion.
650 0|aMental health services|zCanada|xPublic opinion.
650 0|aHealth behavior|zCanada|xPublic opinion.
650 0|aCommunicable diseases|zCanada|xPrevention|xPublic opinion.
650 0|aVaccination|zCanada|xPublic opinion.
650 0|aPublic opinion|zCanada.
7101 |aCanada. |bPrivy Council Office, |eissuing body.
7102 |aLéger Marketing, |econsultant.
77508|tL'enquête sur la santé, les attitudes et les connaissances comportementales (SACC) : |w(CaOODSP)9.935685
794 |tHealth, attitudes, and behavioural insights tracker (HABIT) survey : |w(CaOODSP)9.952584
85640|qPDF|s1.30 MB|uhttps://publications.gc.ca/collections/collection_2024/bcp-pco/CP22-215-2024-eng.pdf|z(final report)
85640|qPDF|s421 KB|uhttps://publications.gc.ca/collections/collection_2024/bcp-pco/CP22-215-2024-1-eng.pdf|z(summary)
8564 |qHTML|sN/A|uhttps://epe.bac-lac.gc.ca/100/200/301/pwgsc-tpsgc/por-ef/privy_council/2024/030-23-e/POR030-23-report.htm|z(final report)
8564 |qHTML|sN/A|uhttps://epe.bac-lac.gc.ca/100/200/301/pwgsc-tpsgc/por-ef/privy_council/2024/030-23-e/summary/POR030-23-summary.htm|z(summary)
8564 |qHTML|sN/A|uhttps://epe.bac-lac.gc.ca/100/200/301/pwgsc-tpsgc/por-ef/privy_council/2024/030-23-e/index.html|z(complete dataset)